ARRUPE JESUIT UNIVERSITY

CORONAVIRUS -STOP THE SPREAD - CLEAN,DISINFECT,COVER

Beginnings and blunders; or, Before science began (Record no. 128873)

MARC details
000 -LEADER
fixed length control field 01000cam a2200277 4500
001 - CONTROL NUMBER
control field 3144113
003 - CONTROL NUMBER IDENTIFIER
control field ARRUPE
005 - DATE AND TIME OF LATEST TRANSACTION
control field 20190131103121.0
008 - FIXED-LENGTH DATA ELEMENTS--GENERAL INFORMATION
fixed length control field 710518t19711970nyua j 000 0 eng
010 ## - LIBRARY OF CONGRESS CONTROL NUMBER
LC control number 73119516
020 ## - INTERNATIONAL STANDARD BOOK NUMBER
International Standard Book Number 0448214008
040 ## - CATALOGING SOURCE
Original cataloging agency DLC
Transcribing agency DLC
Modifying agency DLC
042 ## - AUTHENTICATION CODE
Authentication code lcac
050 00 - LIBRARY OF CONGRESS CALL NUMBER
Classification number SPC GN743
Item number .H725
082 00 - DEWEY DECIMAL CLASSIFICATION NUMBER
Classification number 573.2/1
300 ## - PHYSICAL DESCRIPTION
Other physical details illus.
Dimensions 26 cm.
100 1# - MAIN ENTRY--PERSONAL NAME
Personal name Hogben, Lancelot Thomas,
Dates associated with a name 1895-1975.
9 (RLIN) 44301
245 10 - TITLE STATEMENT
Title Beginnings and blunders; or, Before science began
Statement of responsibility, etc [by] Lancelot Hogben.
260 ## - PUBLICATION, DISTRIBUTION, ETC. (IMPRINT)
Place of publication, distribution, etc London,
Name of publisher, distributor, etc Heinemann
Date of publication, distribution, etc 1970
300 ## - PHYSICAL DESCRIPTION
Extent 110 p.
350 ## - PRICE (NR) (BK AM CF MU VM SE) [OBSOLETE]
Price $4.95
500 ## - GENERAL NOTE
General note "A W. W. Norton book."
520 ## - SUMMARY, ETC.
Summary, etc Explains what archaeology has revealed about each step of man's progression from a nomadic search for survival to the earliest beginnings of civilization.
650 #0 - SUBJECT ADDED ENTRY--TOPICAL TERM
Topical term or geographic name as entry element Man, prehistoric
General subdivision Juvenile literature.
9 (RLIN) 44302
650 #1 - SUBJECT ADDED ENTRY--TOPICAL TERM
Topical term or geographic name as entry element Prehistoric peoples.
9 (RLIN) 28897
906 ## - LOCAL DATA ELEMENT F, LDF (RLIN)
a 7
b cbc
c orignew
d 2
e ncip
f 19
g y-gencatlg
942 ## - ADDED ENTRY ELEMENTS (KOHA)
Source of classification or shelving scheme Library of Congress Classification
Koha item type SPC
Holdings
Withdrawn status Lost status Source of classification or shelving scheme Damaged status Not for loan Collection code Home library Current library Shelving location Date acquired Total Checkouts Full call number Barcode Date last seen Price effective from Koha item type
    Library of Congress Classification     SPECIAL Collection ARRUPE LIBRARY ARRUPE LIBRARY REFERENCE 31/01/2019   SPC. GN743 .H725 46600003538 31/01/2019 31/01/2019 SPC

 

Arrupe Library. PO Box MP320 Mt Pleasant, Harare, Zimbabwe
263 242 745411|librarian@aju.ac.zw